00521nam a2200169Ia 4500008004100000041000800041082001600049100001900065245003500084260004000119300001700159365000700176650002900183906001200212999001900224952010800243210719s1966 xx 000 0 und d aeng a813.54 BROM aBROWN (Claude) aManchild in the promised land. aN YbThe New American Libraryc1966 aviii,429bPB cRs aAmerican English Fiction aFiction c212989d212989 001040708LiteratureaALbALd1996-05-27l0o813.54 BROMpD01089r2021-07-19 00:00:00w2021-07-19yDB